000 01100nam a22002297a 4500
001 8696
003 FISKH
005 20251010155001.0
008 251010b cb ||||| |||| 00| 0 eng d
020 _a9781730126871
040 _aFISKH
_beng
_cFISKH
_dFISKH
082 _a428.6
100 _aTalwar, M. L.
245 _aGraded English part-4 /
_cBy M. L. Talwar ; Illustrated by Gurinder Pal Singh Mankoo
260 _aNew Delhi :
_bDreamland,
_c2015.
300 _a104 pages :
_bcolor illustrations ;
_c28 cm
520 _aGraded English Part 4 is part of Dreamland’s graded English series designed to help children strengthen their language and literacy skills progressively. This book provides lessons, exercises, and stories that develop grammar, vocabulary, comprehension, and sentence construction. It is ideal for primary-level learners, encouraging reading confidence and a solid foundation in English communication.
650 _aEnglish Language
_vGrammar
_xReading Skills
_yVocabulary
700 _aMankoo, Gurinder Pal Singh
_eillustrator
942 _2ddc
_cBK
_n0
999 _c8696
_d8696